000 00848nam a2200325Ia 4500
003 OSt
005 20221006144213.0
006 a|||||r|||| 00| 0
007 ta
008 221006b |||||||| |||| 00| 0 eng d
020 _a185274071X
_c£2.50
020 _a9781852740719
024 _a11,130
037 _cTextual
040 _aEASL
_cEASL
_beng
041 _2eng
_aeng
082 _aR8413, L61
100 _aCOOPER J. C.
_954085
245 0 _aTaoism
_b The way of the mystic
260 _aWellingborough
_bAquarian Press
300 _a128p.
_ccm.
490 _v CEL
650 _a CEL
650 _a Chuang Tzu and the sages
_9651102
650 _a Pa Kua
_9651103
650 _a Yin-Yang
_9651104
650 _aWu-Wei
_9651105
942 _hR8413, L61
_cTEXL
_2CC
999 _c1079216
_d1079216